000 00206nam a2200085Ia 4500
008 180219s9999 xx 000 0 und d
100 _aSharma R A
245 0 _aPsychology Foundtion Of Education
260 _aR Lal Meerut
260 _c2013
999 _c42394
_d42394